[Event "NOR-chT Club"]
[Site "Drammen"]
[Date "2019.06.01"]
[Round "4.9"]
[White "Lien, Kjell Hakon"]
[Black "Ramirez Garrastacho, Manuel"]
[Result "0-1"]
[WhiteElo "2214"]
[BlackElo "2089"]
[PlyCount "66"]
[EventDate "2019.05.30"]
[EventType "team-swiss"]
[EventRounds "6"]
[EventCountry "NOR"]
[SourceTitle "CBM 190 Extra"]
[Source "ChessBase"]
[SourceDate "2019.07.15"]
[SourceVersion "1"]
[SourceVersionDate "2019.07.15"]
[SourceQuality "1"]
[WhiteTeam "Honefoss"]
[BlackTeam "Stjernen"]
[WhiteTeamCountry "NOR"]
[BlackTeamCountry "NOR"]

1. d4 Nf6 2. c4 g6 3. Nc3 Bg7 4. Nf3 0-0 5. e4 d6 6. Be2 e5 7. 0-0 Nbd7 8. d5 Nc5 9. Qc2 a5 10. b3 Nh5 11. Ne1 Nf4 12. Rb1 f5 13. f3 fxe4 14. fxe4 Nxe2+ 15. Qxe2 Rxf1+ 16. Kxf1 Qh4 17. Nf3 Qh5 18. h3 Bd7 19. Nd1 Bh6 20. Bxh6 Qxh6 21. Nf2 Rf8 22. a3 a4 23. bxa4 Bxa4 24. Nd3 Nxd3 25. Qxd3 b6 26. Ke2 Qf4 27. Qe3 Bc2 28. Rf1 Qxe4 29. Qxe4 Bxe4 30. Ne1 Rxf1 31. Kxf1 b5 32. cxb5 Bxd5 33. Kf2 Bb3 0-1

[Event "NOR-chT Club"]
[Site "Drammen"]
[Date "2019.05.30"]
[Round "1.22"]
[White "Odde, Kent"]
[Black "Lien, Kjell Hakon"]
[Result "0-1"]
[WhiteElo "1516"]
[BlackElo "2214"]
[PlyCount "60"]
[EventDate "2019.05.30"]
[EventType "team-swiss"]
[EventRounds "6"]
[EventCountry "NOR"]
[SourceTitle "CBM 190 Extra"]
[Source "ChessBase"]
[SourceDate "2019.07.15"]
[SourceVersion "1"]
[SourceVersionDate "2019.07.15"]
[SourceQuality "1"]
[WhiteTeam "Konnerud II"]
[BlackTeam "Honefoss"]
[WhiteTeamCountry "NOR"]
[BlackTeamCountry "NOR"]

1. c4 Nf6 2. Nc3 e6 3. g3 d5 4. cxd5 exd5 5. d4 Bd6 6. Bg2 c6 7. e3 0-0 8. Nge2 Bf5 9. 0-0 Nbd7 10. a3 a5 11. Bd2 Re8 12. Na2 a4 13. Bb4 Nb6 14. Bxd6 Qxd6 15. Nac3 Ra7 16. b4 axb3 17. Qxb3 Nc4 18. Qb4 Rea8 19. Qxd6 Nxd6 20. a4 b5 21. Rfc1 Nc4 22. Nf4 Nb6 23. Bf1 Nxa4 24. Nxa4 Rxa4 25. Rxa4 bxa4 26. Rxc6 a3 27. Rc1 a2 28. Ra1 Bb1 29. Bd3 Rb8 30. Kg2 g5 0-1

[Event "Fagernes TV2 GM op"]
[Site "Fagernes"]
[Date "2018.03.29"]
[Round "6"]
[White "Lien, Kjell Hakon"]
[Black "Lund, Gunnar"]
[Result "1/2-1/2"]
[WhiteElo "2133"]
[BlackElo "2114"]
[PlyCount "125"]
[EventDate "2018.03.25"]
[EventType "swiss"]
[EventRounds "9"]
[EventCountry "NOR"]
[SourceTitle "CBM 183 Extra"]
[Source "ChessBase"]
[SourceDate "2018.04.19"]
[SourceVersion "1"]
[SourceVersionDate "2018.04.19"]
[SourceQuality "1"]

1. c4 c5 2. Nc3 g6 3. g3 Bg7 4. Bg2 Nc6 5. Nf3 e6 6. 0-0 Nge7 7. e3 0-0 8. d4 cxd4 9. Nxd4 a6 10. Nxc6 Nxc6 11. Qd2 Qa5 12. a3 Qc5 13. Na4 Qa7 14. c5 d5 15. Nb6 Rb8 16. Rb1 Ne5 17. e4 Nc4 18. Qb4 a5 19. Qb3 Nxb6 20. cxb6 Qa6 21. exd5 Bd7 22. Re1 Bb5 23. Bf4 Bc4 24. Qe3 Rbd8 25. Bc7 Rxd5 26. Bxd5 Bxd5 27. b3 a4 28. b4 Qc4 29. Rbc1 Qg4 30. Red1 h5 31. Be5 Bxe5 32. Qxe5 Qf3 33. Rxd5 exd5 34. Rc3 Qd1+ 35. Kg2 d4 36. Rc7 h4 37. Qf4 h3+ 38. Kxh3 d3 39. Kg2 Qb3 40. Qd4 Qe6 41. Rc3 d2 42. Rd3 Qc6+ 43. f3 Qc1 44. Rxd2 Qxa3 45. h4 Qb3 46. h5 Qe6 47. hxg6 fxg6 48. Qd5 Qxd5 49. Rxd5 Rf6 50. Rd8+ Rf8 51. Rd7 Rb8 52. Rd5 Rc8 53. Rc5 Rd8 54. Ra5 Rd6 55. Rxa4 Rxb6 56. f4 Kf7 57. Kf3 Ke6 58. Ke4 Rc6 59. b5 Rc5 60. Rb4 b6 61. g4 Kf6 62. Kd4 Ke6 63. Ke4 1/2-1/2

[Event "Fagernes TV2 GM op"]
[Site "Fagernes"]
[Date "2018.03.28"]
[Round "5"]
[White "Arman, Deniz"]
[Black "Lien, Kjell Hakon"]
[Result "1-0"]
[WhiteElo "2364"]
[BlackElo "2133"]
[PlyCount "115"]
[EventDate "2018.03.25"]
[EventType "swiss"]
[EventRounds "9"]
[EventCountry "NOR"]
[SourceTitle "CBM 183 Extra"]
[Source "ChessBase"]
[SourceDate "2018.04.19"]
[SourceVersion "1"]
[SourceVersionDate "2018.04.19"]
[SourceQuality "1"]

1. e4 e5 2. Nf3 Nf6 3. d4 Nxe4 4. Bd3 d5 5. Nxe5 Nd7 6. Nxd7 Bxd7 7. Nc3 Nxc3 8. bxc3 Bd6 9. 0-0 0-0 10. Qh5 f5 11. Re1 Qf6 12. Bg5 Qf7 13. Qh4 Rae8 14. Bf4 Qf6 15. Qg3 Bxf4 16. Qxf4 Qc6 17. Qd2 f4 18. Rab1 f3 19. Rxe8 Rxe8 20. gxf3 Qf6 21. Bf1 Qxf3 22. Bg2 Qh5 23. Rxb7 Bh3 24. f3 Qg6 25. Rb1 Bxg2 26. Qxg2 Qxg2+ 27. Kxg2 Re2+ 28. Kg3 Rxc2 29. Rb3 Rxa2 30. Rb8+ Kf7 31. Rb7 Kf6 32. Rxc7 Ra6 33. Kf4 g5+ 34. Ke3 h6 35. Rh7 Kf5 36. Rf7+ Ke6 37. Rh7 Kf5 38. Kd3 g4 39. fxg4+ Kxg4 40. Rd7 Ra5 41. Rg7+ Kf5 42. h4 Ra6 43. h5 Rd6 44. Rxa7 Kg5 45. Ra5 Kxh5 46. c4 Kg5 47. c5 Rf6 48. Ra8 h5 49. Rd8 Rf3+ 50. Ke2 Ra3 51. Rxd5+ Kf4 52. c6 Ke4 53. Rd8 Ra2+ 54. Kf1 Rc2 55. d5 h4 56. d6 h3 57. d7 Ke3 58. Re8+ 1-0

[Event "NOR-ch rapid"]
[Site "Drammen"]
[Date "2018.01.06"]
[Round "4"]
[White "Mikalsen, Erlend"]
[Black "Lien, Kjell Hakon"]
[Result "1-0"]
[WhiteElo "2307"]
[BlackElo "2147"]
[PlyCount "59"]
[EventDate "2018.01.06"]
[EventType "swiss (rapid)"]
[EventRounds "10"]
[EventCountry "NOR"]
[SourceTitle "CBM 182 Extra"]
[Source "ChessBase"]
[SourceDate "2018.02.23"]
[SourceVersion "1"]
[SourceVersionDate "2018.02.23"]
[SourceQuality "1"]

1. e4 e5 2. Nf3 Nc6 3. d4 exd4 4. Bc4 Bc5 5. 0-0 d6 6. c3 dxc3 7. Nxc3 Nge7 8. a3 0-0 9. b4 Bb6 10. Bb2 Ng6 11. Nd5 Bg4 12. Be2 Re8 13. h3 Be6 14. Bb5 Bd7 15. Qc2 Nce5 16. Be2 Nxf3+ 17. Bxf3 Nh4 18. Qc3 Qg5 19. Kh1 Re6 20. Bg4 Rh6 21. f4 Qxg4 22. Rg1 Nxg2 23. Nf6+ gxf6 24. Rxg2 Qxg2+ 25. Kxg2 Bxh3+ 26. Kf3 Bd7 27. Qc4 Be6 28. Qe2 Kh8 29. f5 Bd7 30. Rh1 1-0

[Event "Helsingor Xtracon op"]
[Site "Helsingor"]
[Date "2017.07.27"]
[Round "7"]
[White "Dahl, Trygve"]
[Black "Lien, Kjell Hakon"]
[Result "1-0"]
[WhiteElo "2292"]
[BlackElo "2120"]
[PlyCount "55"]
[EventDate "2017.07.22"]
[EventType "swiss"]
[EventRounds "10"]
[EventCountry "DEN"]
[SourceTitle "CBM 179 Extra"]
[Source "ChessBase"]
[SourceDate "2017.08.23"]
[SourceVersion "1"]
[SourceVersionDate "2017.08.23"]
[SourceQuality "1"]

1. e4 c6 2. d4 d5 3. exd5 cxd5 4. Bd3 Nc6 5. c3 Qc7 6. Nf3 Bg4 7. Nbd2 e6 8. Nf1 Bd6 9. Ng3 Nf6 10. h3 Bxg3 11. hxg4 Nxg4 12. fxg3 Qxg3+ 13. Kd2 Qxg2+ 14. Be2 Nf2 15. Qf1 Qxh1 16. Qxf2 Qh6+ 17. Kc2 Qg6+ 18. Bd3 f5 19. Bf4 0-0-0 20. Rg1 Qf7 21. Bb5 g6 22. Qe2 Rdg8 23. Ne5 Qc7 24. Bxc6 bxc6 25. Nd3 Qe7 26. Nc5 g5 27. Qa6+ Kd8 28. Bd6 1-0

[Event "NOR-chB"]
[Site "Stavanger"]
[Date "2017.07.06"]
[Round "7"]
[White "Moen, Ole Christian"]
[Black "Lien, Kjell Hakon"]
[Result "1/2-1/2"]
[WhiteElo "2191"]
[BlackElo "2120"]
[PlyCount "84"]
[EventDate "2017.07.01"]
[EventType "swiss"]
[EventRounds "9"]
[EventCountry "NOR"]
[SourceTitle "CBM 179 Extra"]
[Source "ChessBase"]
[SourceDate "2017.08.23"]
[SourceVersion "1"]
[SourceVersionDate "2017.08.23"]
[SourceQuality "1"]

1. e4 c6 2. d4 d5 3. Nc3 dxe4 4. Nxe4 Bf5 5. Ng3 Bg6 6. Nh3 e6 7. Nf4 Bd6 8. Nxg6 hxg6 9. Ne4 Be7 10. g3 Nf6 11. Bg2 Nxe4 12. Bxe4 Nd7 13. c3 Nf6 14. Bf3 Qc7 15. Qa4 0-0 16. 0-0 Rad8 17. Re1 Rfe8 18. Re2 Nd5 19. Qb3 Bf6 20. Bd2 Qb6 21. Qc2 a5 22. Kg2 Re7 23. h4 e5 24. dxe5 Rxe5 25. Rae1 Rxe2 26. Rxe2 Kf8 27. h5 Ne7 28. Qe4 gxh5 29. Bxh5 Rd5 30. Be3 Qd8 31. Bf3 Ng6 32. Qa4 Rd7 33. Be4 Ne7 34. Bc5 Kg8 35. Qc2 g6 36. Qb3 Kg7 37. Bb6 Qa8 38. a4 Nd5 39. Bc5 Qa6 40. c4 Nc7 41. Qc2 Ne6 42. Be3 Nd4 1/2-1/2

[Event "NOR-ch rapid"]
[Site "Sandefjord"]
[Date "2017.01.07"]
[Round "5"]
[White "Hobber, Anders"]
[Black "Lien, Kjell Hakon"]
[Result "1-0"]
[WhiteElo "2322"]
[BlackElo "2133"]
[PlyCount "79"]
[EventDate "2017.01.07"]
[EventType "swiss (rapid)"]
[EventRounds "10"]
[EventCountry "NOR"]
[SourceTitle "CBM 176 Extra"]
[Source "ChessBase"]
[SourceDate "2017.03.02"]
[SourceVersion "1"]
[SourceVersionDate "2017.03.02"]
[SourceQuality "1"]

1. d4 f5 2. Bf4 Nf6 3. e3 e6 4. Nf3 b6 5. Be2 Bb7 6. 0-0 d5 7. c4 Bd6 8. Nc3 0-0 9. Rc1 c6 10. a3 Ne4 11. Bxd6 Qxd6 12. Ne5 Nd7 13. Nxd7 Qxd7 14. f4 Nxc3 15. Rxc3 Rac8 16. b4 b5 17. cxb5 cxb5 18. Rc5 a6 19. Qd2 Rc7 20. Rfc1 Rfc8 21. R1c3 Rxc5 22. Rxc5 Rxc5 23. dxc5 Bc6 24. Qd4 Qc7 25. h3 a5 26. g4 a4 27. gxf5 exf5 28. Bf3 Qd7 29. Qe5 h6 30. Bh5 Kh7 31. Be2 g6 32. Bf3 d4 33. Bxc6 Qxc6 34. e4 d3 35. Qe7+ Kg8 36. Qd8+ Kh7 37. Qxd3 fxe4 38. Qd6 Qc8 39. c6 Qxh3 40. Qd7+ 1-0

[Event "Politiken Cup 37th"]
[Site "Helsingor"]
[Date "2015.08.01"]
[Round "9"]
[White "Lien, Kjell Hakon"]
[Black "Buchal, Stephan"]
[Result "0-1"]
[WhiteElo "2133"]
[BlackElo "2267"]
[PlyCount "42"]
[EventDate "2015.07.25"]
[EventType "swiss"]
[EventRounds "10"]
[EventCountry "DEN"]
[SourceTitle "CBM 167 Extra"]
[Source "ChessBase"]
[SourceDate "2015.09.14"]
[SourceVersion "1"]
[SourceVersionDate "2015.09.14"]
[SourceQuality "1"]

1. e4 g6 2. d4 Bg7 3. Nc3 d6 4. Be3 a6 5. h4 Nf6 6. f3 b5 7. Qd2 h5 8. Nh3 Bxh3 9. Rxh3 Nbd7 10. a4 c6 11. Bd3 0-0 12. Ne2 e5 13. c3 d5 14. Bg5 Qc7 15. exd5 Nxd5 16. g4 exd4 17. gxh5 dxc3 18. bxc3 Rae8 19. Kf1 Ne5 20. hxg6 Qd7 21. Kg2 Nxd3 0-1

[Event "Politiken Cup 37th"]
[Site "Helsingor"]
[Date "2015.07.29"]
[Round "6"]
[White "Vuilleumier, Alexandre"]
[Black "Lien, Kjell Hakon"]
[Result "0-1"]
[WhiteElo "2357"]
[BlackElo "2133"]
[PlyCount "62"]
[EventDate "2015.07.25"]
[EventType "swiss"]
[EventRounds "10"]
[EventCountry "DEN"]
[SourceTitle "CBM 167 Extra"]
[Source "ChessBase"]
[SourceDate "2015.09.14"]
[SourceVersion "1"]
[SourceVersionDate "2015.09.14"]
[SourceQuality "1"]

1. e4 d5 2. exd5 Qxd5 3. Nc3 Qd6 4. d4 Nf6 5. Nf3 c6 6. Ne5 Nbd7 7. Nc4 Qc7 8. g3 Nd5 9. Bg2 N7f6 10. Ne5 Bf5 11. 0-0 Nxc3 12. bxc3 e6 13. Rb1 Rb8 14. g4 Be4 15. f3 Bg6 16. f4 Be4 17. Bxe4 Nxe4 18. Qf3 f5 19. Qd3 Bd6 20. Qc4 Qe7 21. gxf5 exf5 22. Be3 Rf8 23. d5 Rf6 24. Kh1 Rh6 25. Rf3 Qh4 26. Qe2 Nxc3 27. Qg2 Nxb1 28. Bf2 Qh5 29. Re3 Bxe5 30. Rxe5+ Kf7 31. dxc6 bxc6 0-1

[Event "Politiken Cup 37th"]
[Site "Helsingor"]
[Date "2015.07.26"]
[Round "2"]
[White "Rakhmanov, Alexander"]
[Black "Lien, Kjell Hakon"]
[Result "1-0"]
[WhiteElo "2626"]
[BlackElo "2133"]
[PlyCount "41"]
[EventDate "2015.07.25"]
[EventType "swiss"]
[EventRounds "10"]
[EventCountry "DEN"]
[SourceTitle "CBM 167 Extra"]
[Source "ChessBase"]
[SourceDate "2015.09.14"]
[SourceVersion "1"]
[SourceVersionDate "2015.09.14"]
[SourceQuality "1"]

1. c4 Nf6 2. Nc3 e5 3. Nf3 Nc6 4. d4 exd4 5. Nxd4 Bb4 6. Bg5 h6 7. Bh4 g5 8. Bg3 Ne4 9. Rc1 Qf6 10. e3 Bxc3+ 11. bxc3 d6 12. Nb5 Qe7 13. c5 Nxc5 14. Nxd6+ cxd6 15. Bxd6 Qe6 16. Bxc5 Qxa2 17. Bb5 Bd7 18. 0-0 a6 19. Bxc6 Bxc6 20. Qd4 Rg8 21. c4 1-0

[Event "Politiken Cup 37th"]
[Site "Helsingor"]
[Date "2015.07.25"]
[Round "1"]
[White "Lien, Kjell Hakon"]
[Black "Huse, Sigurd Kjelsbol"]
[Result "1-0"]
[WhiteElo "2133"]
[BlackElo "1715"]
[PlyCount "115"]
[EventDate "2015.07.25"]
[EventType "swiss"]
[EventRounds "10"]
[EventCountry "DEN"]
[SourceTitle "CBM 167 Extra"]
[Source "ChessBase"]
[SourceDate "2015.09.14"]
[SourceVersion "1"]
[SourceVersionDate "2015.09.14"]
[SourceQuality "1"]

1. Nf3 d5 2. g3 Bf5 3. Bg2 Nf6 4. c4 c6 5. b3 g6 6. Bb2 Bg7 7. 0-0 0-0 8. d4 Qb6 9. Nfd2 Nbd7 10. e3 Bd3 11. c5 Qc7 12. Re1 Bxb1 13. Rxb1 e5 14. dxe5 Nxe5 15. Nf3 Nxf3+ 16. Qxf3 Ne4 17. Bxg7 Kxg7 18. Qd1 Qe5 19. Rc1 f5 20. Qc2 Rae8 21. Red1 Rf7 22. Rd3 Rfe7 23. b4 Qc7 24. b5 Qa5 25. Qb2+ Kf7 26. Ra3 Qxb5 27. Qxb5 cxb5 28. Rxa7 Rc8 29. Ra5 b6 30. Rxb5 bxc5 31. Bxe4 dxe4 32. Rcxc5 Rxc5 33. Rxc5 Ra7 34. Rc2 h5 35. Kf1 Ra6 36. Ke2 Ke6 37. Kd2 Kd5 38. Kc3 Kc5 39. Kb3+ Kb5 40. Rd2 Kc5 41. a4 Rb6+ 42. Kc3 Ra6 43. Ra2 Ra5 44. h4 Kb6 45. Kb4 Rd5 46. Rc2 Rd1 47. a5+ Kb7 48. Kb5 Rb1+ 49. Kc5 Ra1 50. Rb2+ Kc7 51. Kb5 Kb7 52. Rd2 Rb1+ 53. Kc5 Kc7 54. Ra2 Rb7 55. a6 Ra7 56. Kd5 Kd7 57. Ke5 Ke7 58. Ra1 1-0

[Event "NOR-chB"]
[Site "Oslo"]
[Date "2015.07.04"]
[Round "5"]
[White "Lien, Kjell Hakon"]
[Black "Gonzalez, Francisco Silva"]
[Result "0-1"]
[WhiteElo "2107"]
[BlackElo "2010"]
[PlyCount "76"]
[EventDate "2015.07.04"]
[EventType "swiss"]
[EventRounds "9"]
[EventCountry "NOR"]
[SourceTitle "EXT 2017"]
[Source "ChessBase"]
[SourceDate "2016.10.25"]
[SourceVersion "1"]
[SourceVersionDate "2016.10.25"]
[SourceQuality "1"]

1. Nf3 d5 2. g3 Nf6 3. Bg2 Bg4 4. 0-0 Nbd7 5. c4 c6 6. cxd5 cxd5 7. Qa4 e6 8. h3 Bxf3 9. Bxf3 Bc5 10. Nc3 a6 11. b4 Bb6 12. Bb2 0-0 13. Qb3 Ne5 14. Bg2 Nc4 15. Bc1 Rc8 16. d3 Nd6 17. Bb2 Nf5 18. Kh2 h5 19. Na4 Bc7 20. Kg1 h4 21. g4 Qd6 22. Rfc1 Ne7 23. Bxf6 gxf6 24. Nc5 Ng6 25. e3 Rb8 26. Qc3 d4 27. Qb2 Qh2+ 28. Kf1 dxe3 29. fxe3 Rfd8 30. Ne4 Rxd3 31. Nxf6+ Kf8 32. Qc2 Rbd8 33. Rd1 Qe5 34. Ne4 Rxe3 35. Rxd8+ Bxd8 36. Rd1 Bb6 37. Nc5 Kg7 38. Qf2 Nf4 0-1

[Event "NOR-chB"]
[Site "Oslo"]
[Date "2015.07.04"]
[Round "7"]
[White "Lien, Kjell Hakon"]
[Black "Lund, Terje"]
[Result "1-0"]
[WhiteElo "2107"]
[BlackElo "2018"]
[PlyCount "91"]
[EventDate "2015.07.04"]
[EventType "swiss"]
[EventRounds "9"]
[EventCountry "NOR"]
[SourceTitle "EXT 2017"]
[Source "ChessBase"]
[SourceDate "2016.10.25"]
[SourceVersion "1"]
[SourceVersionDate "2016.10.25"]
[SourceQuality "1"]

1. Nf3 Nf6 2. g3 b5 3. Bg2 Bb7 4. c3 c5 5. 0-0 e6 6. d4 Qb6 7. a4 cxd4 8. cxd4 b4 9. a5 Qb5 10. Re1 Be7 11. Nbd2 Ne4 12. Nb3 0-0 13. Bf4 Na6 14. Ne5 d6 15. Nd3 f5 16. f3 Nf6 17. e4 fxe4 18. fxe4 e5 19. dxe5 dxe5 20. Nxe5 Rfd8 21. Qe2 Qxe2 22. Rxe2 Nc5 23. Nxc5 Bxc5+ 24. Kh1 Ba6 25. Rc2 Bf8 26. Nc6 Bd3 27. Rd2 Nxe4 28. Nxd8 Rxd8 29. Bxe4 Bxe4+ 30. Kg1 Bc5+ 31. Kf1 Rf8 32. Re1 Bb7 33. Re5 Ba6+ 34. Kg2 Bb7+ 35. Kh3 Bc8+ 36. Kh4 Bg1 37. Re1 Bc5 38. Bd6 g5+ 39. Kxg5 Rf5+ 40. Kh4 Kf7 41. Bxc5 Rxc5 42. Rd4 Kg6 43. g4 Rxa5 44. Re8 Rc5 45. Rdd8 Bb7 46. Re7 1-0

[Event "Copenhagen Challenge"]
[Site "Ballerup"]
[Date "2015.05.02"]
[Round "7"]
[White "Lien, Kjell Hakon"]
[Black "Fries Nielsen, Niels Jorgen"]
[Result "0-1"]
[WhiteElo "2071"]
[BlackElo "2333"]
[PlyCount "50"]
[EventDate "2015.04.29"]
[EventType "swiss"]
[EventRounds "9"]
[EventCountry "DEN"]
[SourceTitle "CBM 166 Extra"]
[Source "ChessBase"]
[SourceDate "2015.06.18"]
[SourceVersion "1"]
[SourceVersionDate "2015.06.18"]
[SourceQuality "1"]

1. e4 d6 2. d4 Nf6 3. Nc3 a6 4. f3 Nbd7 5. Be3 e5 6. d5 Be7 7. Qd2 b5 8. g4 0-0 9. h4 Bb7 10. h5 Ne8 11. g5 Nb6 12. Bxb6 cxb6 13. Nh3 Bc8 14. Rg1 Bd7 15. Ne2 Rc8 16. 0-0-0 a5 17. f4 f5 18. g6 h6 19. fxe5 dxe5 20. d6 Nxd6 21. Nc3 Be6 22. exf5 Bxf5 23. Qd5+ Kh8 24. Bg2 b4 25. Ne4 Nxe4 0-1

[Event "Copenhagen Challenge"]
[Site "Ballerup"]
[Date "2015.04.30"]
[Round "2"]
[White "Petrovski, Petruli"]
[Black "Lien, Kjell Hakon"]
[Result "0-1"]
[WhiteElo "1842"]
[BlackElo "2071"]
[PlyCount "122"]
[EventDate "2015.04.29"]
[EventType "swiss"]
[EventRounds "9"]
[EventCountry "DEN"]
[SourceTitle "CBM 166 Extra"]
[Source "ChessBase"]
[SourceDate "2015.06.18"]
[SourceVersion "1"]
[SourceVersionDate "2015.06.18"]
[SourceQuality "1"]

1. Nf3 d5 2. c4 c6 3. e3 e6 4. b3 f5 5. Bb2 Nf6 6. Be2 Bd6 7. Ne5 0-0 8. 0-0 b6 9. d3 Bb7 10. Nd2 Nbd7 11. f4 c5 12. Ndf3 a6 13. Nxd7 Nxd7 14. Qe1 Be7 15. Rd1 Bf6 16. d4 Qe7 17. Ne5 Rfd8 18. Bf3 Rac8 19. Qe2 Nb8 20. Rc1 Bxe5 21. fxe5 dxc4 22. bxc4 Bxf3 23. Qxf3 cxd4 24. exd4 Qb4 25. Ba3 Qd2 26. d5 Qd4+ 27. Kh1 Rxc4 28. Rcd1 Qxe5 29. dxe6 Rxd1 30. Rxd1 Rd4 31. e7 Nc6 32. h3 Rxd1+ 33. Qxd1 Nxe7 34. Qd8+ Kf7 35. Bxe7 Qxe7 36. Qxb6 Qe1+ 37. Kh2 Qe6 38. Qc7+ Kf6 39. Qd8+ Kg6 40. Qd2 h6 41. Qc2 a5 42. a4 Qe4 43. Qb3 Qe5+ 44. Kh1 h5 45. Qb6+ Kh7 46. Qc6 g6 47. Qd7+ Kh6 48. Qd2+ f4 49. Qc2 Kg5 50. Qb3 Kh4 51. Kg1 Qe1+ 52. Kh2 Qg3+ 53. Qxg3+ fxg3+ 54. Kg1 Kg5 55. Kf1 Kf4 56. Ke2 g5 57. Kd2 h4 58. Ke2 g4 59. Kf1 gxh3 60. Kg1 hxg2 61. Kxg2 Ke5 0-1

[Event "Gibraltar Masters 13th"]
[Site "Caleta"]
[Date "2015.02.01"]
[Round "6"]
[White "Lien, Kjell Hakon"]
[Black "Wiedersich, Jens"]
[Result "1/2-1/2"]
[WhiteElo "2020"]
[BlackElo "2125"]
[PlyCount "73"]
[EventDate "2015.01.27"]
[EventType "swiss"]
[EventRounds "10"]
[EventCountry "GGB"]
[SourceTitle "CBM 165"]
[Source "ChessBase"]
[SourceDate "2015.03.11"]
[SourceVersion "1"]
[SourceVersionDate "2015.03.11"]
[SourceQuality "1"]

1. d4 Nf6 2. c4 c5 3. d5 b5 4. cxb5 a6 5. bxa6 Bxa6 6. Nc3 d6 7. e4 Bxf1 8. Kxf1 g6 9. g3 Bg7 10. Kg2 Qb6 11. Nf3 Nbd7 12. Qe2 0-0 13. a4 Ng4 14. Nd2 Ngf6 15. Nb5 Qb7 16. Ra3 Rfb8 17. b3 Ne8 18. Nc4 Nc7 19. Nxc7 Qxc7 20. Bb2 Rb4 21. Bxg7 Kxg7 22. Rha1 Qb7 23. Qc2 Kg8 24. a5 Ra6 25. f3 f6 26. g4 Qa8 27. Kg3 Kf7 28. h4 Rb8 29. Qd2 Kg7 30. f4 Qb7 31. Rb1 Qb4 32. Qxb4 cxb4 33. Ra2 Rc8 34. Kf3 Nc5 35. h5 Nxb3 36. Rxb3 Rxc4 37. hxg6 1/2-1/2

[Event "Gibraltar Masters 13th"]
[Site "Caleta"]
[Date "2015.01.31"]
[Round "5"]
[White "Kristinsson, Magnus"]
[Black "Lien, Kjell Hakon"]
[Result "0-1"]
[WhiteElo "1744"]
[BlackElo "2020"]
[PlyCount "70"]
[EventDate "2015.01.27"]
[EventType "swiss"]
[EventRounds "10"]
[EventCountry "GGB"]
[SourceTitle "CBM 165"]
[Source "ChessBase"]
[SourceDate "2015.03.11"]
[SourceVersion "1"]
[SourceVersionDate "2015.03.11"]
[SourceQuality "1"]

1. d4 d5 2. c4 c6 3. Nc3 Nf6 4. Nf3 e6 5. Bg5 h6 6. Bh4 g5 7. Bg3 dxc4 8. e3 b5 9. Be2 Bb4 10. Qc2 Nbd7 11. 0-0 Bb7 12. Nd2 0-0 13. Rae1 Nd5 14. Nxd5 cxd5 15. a3 Bxd2 16. Qxd2 Qe7 17. Bd1 f5 18. Bc2 Kg7 19. f3 a5 20. Qf2 b4 21. axb4 axb4 22. h4 Bc6 23. hxg5 hxg5 24. f4 g4 25. Bh4 Qf7 26. Ra1 b3 27. Rxa8 Rxa8 28. Bd1 Ra2 29. Bxg4 fxg4 30. Qg3 Qf5 31. Bg5 Ra8 32. Qe1 Rh8 33. Qb4 g3 34. Qe1 Rh1+ 35. Kxh1 Qh7+ 0-1

[Event "Prague op-A 14th"]
[Site "Prague"]
[Date "2015.01.09"]
[Round "1"]
[White "Lien, Kjell Hakon"]
[Black "Petrosyan, Tigran S"]
[Result "1/2-1/2"]
[WhiteElo "2020"]
[BlackElo "2429"]
[PlyCount "60"]
[EventDate "2015.01.09"]
[EventType "swiss"]
[EventRounds "9"]
[EventCountry "CZE"]
[SourceTitle "CBM 164 Extra"]
[Source "ChessBase"]
[SourceDate "2015.03.02"]
[SourceVersion "1"]
[SourceVersionDate "2015.03.02"]
[SourceQuality "1"]

1. e4 e5 2. f4 d5 3. Nf3 dxe4 4. Nxe5 Be6 5. Nc3 Nf6 6. d4 exd3 7. Bxd3 Nbd7 8. Qf3 Nxe5 9. fxe5 Nd5 10. Bd2 Qd7 11. 0-0-0 0-0-0 12. Qf2 Nxc3 13. Bxc3 Qa4 14. a3 g6 15. Rhe1 Bh6+ 16. Kb1 Rd5 17. Bb4 Kb8 18. Be4 Rxd1+ 19. Rxd1 a5 20. b3 Bxb3 21. Rd4 Be6 22. Qf3 Qb5 23. Ka1 c5 24. c4 Bxc4 25. Qf6 cxd4 26. Qxh8+ Ka7 27. Bd6 Bd5 28. Qb8+ Ka6 29. Qa8+ Kb6 30. Qd8+ Ka6 1/2-1/2

[Event "London Classic op 6th"]
[Site "London"]
[Date "2014.12.13"]
[Round "7"]
[White "Lien, Kjell Hakon"]
[Black "Othman, Mustapha"]
[Result "0-1"]
[WhiteElo "2078"]
[BlackElo "1973"]
[PlyCount "142"]
[EventDate "2014.12.08"]
[EventType "swiss"]
[EventRounds "9"]
[EventCountry "ENG"]
[SourceTitle "CBM 163 Extra"]
[Source "ChessBase"]
[SourceDate "2014.12.23"]
[SourceVersion "1"]
[SourceVersionDate "2014.12.23"]
[SourceQuality "1"]

1. b4 Nf6 2. Bb2 d5 3. e3 g6 4. c4 Bg7 5. cxd5 0-0 6. Bxf6 Bxf6 7. Nc3 c6 8. dxc6 Nxc6 9. a3 Bf5 10. Nf3 e5 11. e4 Bg4 12. Be2 a5 13. b5 Nd4 14. 0-0 Nxe2+ 15. Qxe2 Bxf3 16. gxf3 Bg5 17. Nd5 Rc8 18. Rac1 Qd6 19. a4 Qa3 20. Rc3 Rxc3 21. Nxc3 Rc8 22. Rd1 Kg7 23. Kg2 Qb2 24. Nd5 Qc2 25. Kf1 Rc4 26. Nb6 Rd4 27. d3 Qc5 28. Nc4 Bf4 29. Qa2 b6 30. h3 Qc7 31. Ke2 h5 32. Qc2 Bg5 33. Ra1 Be7 34. Rc1 Bg5 35. Ra1 Be7 36. Qd1 Bc5 37. Rc1 Qe7 38. Qg1 Qe6 39. Qg3 Kf6 40. h4 Kg7 41. Qg5 Be7 42. Qg3 Bf6 43. Ne3 Rxa4 44. Nd5 Bxh4 45. Qxh4 Qxd5 46. exd5 Rxh4 47. Rc6 Rd4 48. d6 Kf6 49. Rxb6 Rd5 50. Ke3 Ke6 51. Ke4 Rd4+ 52. Ke3 Rd5 53. Ke4 Rd4+ 54. Ke3 a4 55. Ra6 Rb4 56. Ra7 Rxb5 57. Rxa4 Kxd6 58. f4 exf4+ 59. Rxf4 Re5+ 60. Kf3 f5 61. Ra4 g5 62. Ra6+ Kd5 63. Rh6 h4 64. Rh5 f4 65. Rh8 Kd4 66. Kg4 Kxd3 67. f3 Ke3 68. Ra8 Kf2 69. Ra1 Re1 70. Ra2+ Re2 71. Ra3 Kg2 0-1

[Event "Wch U16"]
[Site "Durban"]
[Date "2014.09.23"]
[Round "5"]
[White "Lien, Kjell Hakon"]
[Black "Saiyn, Zhanat"]
[Result "0-1"]
[WhiteElo "2004"]
[BlackElo "2397"]
[PlyCount "42"]
[EventDate "2014.09.20"]
[EventType "swiss"]
[EventRounds "11"]
[EventCountry "RSA"]
[SourceTitle "CBM 162 Extra"]
[Source "ChessBase"]
[SourceDate "2014.10.17"]
[SourceVersion "1"]
[SourceVersionDate "2014.10.17"]
[SourceQuality "1"]

1. d4 Nf6 2. c4 e6 3. g3 d5 4. Bg2 Bb4+ 5. Nc3 0-0 6. Nf3 dxc4 7. 0-0 Nc6 8. Qa4 Nd5 9. Nxd5 exd5 10. Ne5 Nxe5 11. dxe5 a5 12. a3 Be7 13. e4 c6 14. exd5 cxd5 15. Qb5 Be6 16. Rd1 d4 17. Qxb7 Rb8 18. Qe4 d3 19. f4 Bc5+ 20. Kh1 Bg4 21. Bf3 Qd4 0-1